000 00911nam a22002297a 4500
005 20240530110527.0
008 160308s2013 ua g 000 0 ara d
017 _a11666
_bمصر . دار الكتب المصرية
020 _a9789773582763
040 _aEG-CaGPL
082 0 4 _221
_a658.404\
_bد ك
100 1 _aدانكان ، كيفين .
245 1 0 _aكل ما تحتاج الى معرفته عن البدء فى مشروع جديد /
_cتاليف كيفين دانكان ؛ ترجمة شويكار محمد زكى .
250 _aط1.
260 _aالقاهرة :
_bدار الفجر للنشر و التوزيع ،
_c2013 .
300 _a170 ص ؛
_c24 سم .
650 0 4 _aالمشروعات الصغيرة .
650 0 4 _aالمشروعات
_xتنظيم و ادارة .
700 0 _aمحمد زكى
_eمترجم .
942 _2ddc
_cBK
999 _c62017
_d62017